Znalosti ako konkurenčný aspekt rozhodovania
Vzájomný vzťah znalostí a rozhodovania. Modelové prístupy k rozhodovaniu z pohľadu znalostí. Integračný modelový prístup k rozhodovaniu. Procesný modelový prístup k rozhodovaniu. Participatívny modelový prístup k rozhodovaniu. Modelový prístup založený na dôkazoch a faktoch.
Salvato in:
| Autore principale: | |
|---|---|
| Natura: | Capitolo di libro |
| Lingua: | slovacco |
| Soggetti: | |
| Tags: |
Nessun Tag, puoi essere il primo ad aggiungerne!!
|
MARC
| LEADER | 00000nla a2200000 4500 | ||
|---|---|---|---|
| 001 | 0180531 | ||
| 005 | 20240502073058.8 | ||
| 041 | 0 | |a slo | |
| 044 | |a SK | ||
| 245 | 1 | 0 | |a Znalosti ako konkurenčný aspekt rozhodovania |c Nadežda Jankelová |
| 520 | |a Vzájomný vzťah znalostí a rozhodovania. Modelové prístupy k rozhodovaniu z pohľadu znalostí. Integračný modelový prístup k rozhodovaniu. Procesný modelový prístup k rozhodovaniu. Participatívny modelový prístup k rozhodovaniu. Modelový prístup založený na dôkazoch a faktoch. | ||
| 610 | 2 | 0 | |a rozhodovanie |
| 610 | 2 | 0 | |a rozhodovanie manažérske |
| 610 | 2 | 0 | |a riadenie |
| 610 | 2 | 0 | |a vedomosti |
| 100 | 1 | |a Jankelová, Nadežda, 1966- | |